000 00548nam a2200169Ia 4500
008 220216s9999 xx 000 0 und d
100 _aDas&bG
245 0 _aEffect of over-exploitation on physio-biochemical aspects of yield in rubber (Hevea brasiliensis)
260 _bIn: National Symposium on Current Trends in Plant Physiology and Plant Biochemistry, January 29-31, 1998, pp. 156
_c1998
700 _aAlam B
700 _aDey S K
700 _aRaj S
700 _aSen-Mandi S
700 _aSethuraj M R
856 _uReprt
942 _cJS
999 _c58011
_d58011